Loading...
| Literature - British | 0 | 8 | 0 | 1 | 80 | 48 | 110.50 | 0 | 2 | 0.00 | 0.00 |
| Fine Arts - Classical Music | 0 | 8 | 0 | 2 | 80 | 107 | 120.38 | 1 | 5 | 0.00 | 0.00 |
| Literature - American | 0 | 7 | 0 | 1 | 70 | 42 | 114.57 | 0 | 1 | 0.00 | 0.00 |
| Literature - World | 0 | 6 | 0 | 0 | 60 | 103 | 132.67 | 0 | 4 | 0.00 | 0.00 |
| Fine Arts - Painting and Sculpture | 0 | 6 | 0 | 0 | 60 | 93 | 124.00 | 0 | 3 | 0.00 | 0.00 |
| Philosophy | 0 | 5 | 0 | 0 | 50 | 82 | 120.20 | 0 | 3 | 0.00 | 0.00 |
| Literature - European | 0 | 5 | 0 | 1 | 50 | 69 | 109.80 | 1 | 4 | 0.00 | 0.00 |
| Science - Chemistry | 0 | 4 | 0 | 2 | 40 | 108 | 118.00 | 0 | 1 | 0.00 | 0.00 |
| Science - Physics | 0 | 4 | 0 | 0 | 40 | 89 | 101.50 | 0 | 2 | 0.00 | 0.00 |
| Religion | 0 | 3 | 0 | 0 | 30 | 83 | 112.33 | 1 | 2 | 0.00 | 0.00 |
| Fine Arts - Other | 0 | 3 | 0 | 0 | 30 | 96 | 119.33 | 0 | 2 | 0.00 | 0.00 |
| Mythology | 0 | 2 | 0 | 0 | 20 | 80 | 83.50 | 1 | 2 | 0.00 | 0.00 |
| History - Other | 0 | 2 | 0 | 0 | 20 | 92 | 97.00 | 0 | 1 | 0.00 | 0.00 |
| History - European | 0 | 2 | 0 | 0 | 20 | 80 | 89.50 | 0 | 1 | 0.00 | 0.00 |
| Other Academic | 0 | 1 | 0 | 0 | 10 | 127 | 127.00 | 0 | 0 | 0.00 | 0.00 |
| History - American | 0 | 1 | 0 | 0 | 10 | 99 | 99.00 | 0 | 0 | 0.00 | 0.00 |
| Science - Biology | 0 | 1 | 0 | 1 | 10 | 114 | 114.00 | 0 | 0 | 0.00 | 0.00 |
| Science - Other | 0 | 1 | 0 | 0 | 10 | 104 | 104.00 | 0 | 0 | 0.00 | 0.00 |
| History - World | 0 | 1 | 1 | 0 | 5 | 121 | 121.00 | 0 | 0 | 0.00 | 0.00 |
| Social Science | 0 | 0 | 0 | 0 | 0 | 0.00 | 0 | 0 | 0.00 | 0.00 |